LEADER 00761nam a2200205 i 4500 001 000000074434 003 CaOOAMICUS 005 20070502000000.0 008 070502s1932 it u000 u ita u 013 $a45606 040 $aSeMil$bita 100 1 $aApollonio, Mario <1901-1971>.$0(OLS)http://semarc/name/685 245 12$aL'opera di Carlo Goldoni /$cMario Apollonio. 260 $aMilano :$bAthena,$c1932. 300 $a416 p. ;$c22 cm. 600 14$aGoldoni, Carlo <1707-1793>.$0(OLS)http://semarc/subject/7767 850 $aSeMil 852 $aSeMil$W1$xVenegono$y1$m1C VI 1$j40586$B40586$CSeMilBibl$Z2$F40590 $81 996 $6245$aL'opera di Carlo Goldoni$9(OLS)http://semarc/title/120749 996 $6260$aMilano :$bAthena$9(OLS)http://semarc/publisher/30183 LEADER 01101nam a2200229 i 4500 001 000000052499 003 CaOOAMICUS 005 20101006000000.0 008 101006n it u000 u ita u 013 $a23671 040 $aSeMil$bita 100 1 $aMistò, Luigi,$c.$0(OLS)http://semarc/name/3941 245 10$aCodice :$bsguardo d'insieme e novità principali /$cdon Luigi Mistò. 260 $a[S.l. :$bs.n.,$c1984] 300 $a83 p. ;$c22 cm. 500 $aIn mezzo al front. : Testo trascritto dalla registrazione di un intervento dell'Autore presso l'Istituto Superiore di Scienze Religiose, C.so Venezia 11, Milano. - A piè del front. : A cura della seconda liceo 1983/84. 650 4$aDispense scolastiche.$0(OLS)http://semarc/subject/526 650 4$aDiritto canonico.$0(OLS)http://semarc/subject/207 850 $aSeMil 852 $aSeMil$W1$xVenegono$y1$m6X I 4$j18653$B18653$CSeMilBibl$Z2$F18655 $8B 996 $6245$aCodice :$bsguardo d'insieme e novità principali$9(OLS)http://semarc/title/80561 996 $6260$a[S.l. :$bs.n.$9(OLS)http://semarc/publisher/31686